[Event "Titled Tuesday intern op 11th Oct Late"]
[Site "Chess.com INT"]
[Date "2022.10.11"]
[Round "6"]
[White "Nozdrachev, Leonid"]
[Black "Nasuta, Grzegorz"]
[Result "0-1"]
[WhiteElo "2349"]
[BlackElo "2542"]
[PlyCount "130"]
[EventDate "2022.10.11"]
[EventType "swiss (blitz)"]
[EventRounds "11"]
[EventCountry "USA"]
[SourceTitle "EXT 2024"]
[Source "ChessBase"]
[SourceDate "2023.10.10"]
[SourceVersion "1"]
[SourceVersionDate "2023.10.10"]
[SourceQuality "1"]

1. d4 d5 2. Bf4 c5 3. e3 Nc6 4. Nf3 Nf6 5. Nc3 cxd4 6. exd4 a6 7. Bd3 Bg4 8. 0-0 Nxd4 9. Bxa6 Bxf3 10. Qxd4 Rxa6 11. Nb5 Rc6 12. gxf3 e6 13. Qe5 Be7 14. Nc7+ Kf8 15. Nb5 Nd7 16. Qe2 Bf6 17. c3 g6 18. Bh6+ Bg7 19. Bxg7+ Kxg7 20. Nd4 Rc4 21. f4 Qf6 22. Rfe1 Qxf4 23. b3 Rxc3 24. Rad1 Rh3 25. f3 e5 26. Nb5 d4 27. Nd6 Rxf3 28. Rf1 Qg4+ 29. Kh1 Rxf1+ 30. Qxf1 Qe6 31. Ne4 h6 32. Qg2 Rc8 33. Rf1 f5 34. Ng3 Kh7 35. Qxb7 Qc6+ 36. Qxc6 Rxc6 37. a4 d3 38. b4 d2 39. Ne2 e4 40. b5 Rc4 41. a5 Rb4 42. Nc3 e3 43. a6 Rxb5 44. Nxb5 e2 45. Rg1 d1Q 46. a7 Qxg1+ 47. Kxg1 e1Q+ 48. Kg2 Qe2+ 49. Kg3 Nb6 50. Nc7 Qd3+ 51. Kg2 Qc2+ 52. Kg1 Qxc7 53. a8Q Nxa8 54. h4 Qg3+ 55. Kh1 Qxh4+ 56. Kg1 Nc7 57. Kg2 Ne6 58. Kf3 Ng7 59. Kg2 Ne8 60. Kf3 Nf6 61. Kg2 Kg7 62. Kf3 Kf7 63. Kg2 Ke6 64. Kf3 Ke5 65. Kg2 Kf4 0-1

[Event "Titled Tuesday intern op 11th Oct Early"]
[Site "Chess.com INT"]
[Date "2022.10.11"]
[Round "2"]
[White "Sovetbekova, Nurai"]
[Black "Nozdrachev, Leonid"]
[Result "1-0"]
[WhiteElo "2025"]
[BlackElo "2349"]
[PlyCount "137"]
[EventDate "2022.10.11"]
[EventType "swiss (blitz)"]
[EventRounds "11"]
[EventCountry "USA"]
[SourceTitle "EXT 2024"]
[Source "ChessBase"]
[SourceDate "2023.10.10"]
[SourceVersion "1"]
[SourceVersionDate "2023.10.10"]
[SourceQuality "1"]

1. d4 Nf6 2. c4 c5 3. d5 e6 4. Nc3 exd5 5. cxd5 Bd6 6. Nf3 0-0 7. Qc2 Re8 8. Bg5 Bc7 9. e4 Ba5 10. Bd3 c4 11. Bxc4 Qc7 12. Bd3 Nxd5 13. 0-0 Nxc3 14. bxc3 Qxc3 15. Qd1 Nc6 16. Rc1 Qa3 17. Rc2 d6 18. Bc1 Qa4 19. Qe2 Bg4 20. Be3 Nb4 21. Rb2 Nxd3 22. Qxd3 Qxe4 23. Qxd6 Bxf3 24. gxf3 Qxf3 25. Qg3 Qxg3+ 26. hxg3 b6 27. Rd1 h6 28. Rd5 Rad8 29. Rbb5 Rxd5 30. Rxd5 Re4 31. Rd7 a6 32. Ra7 Ra4 33. Rxa6 Rxa2 34. Bxb6 Ra1+ 35. Kg2 Bc3 36. Rxa1 Bxa1 37. Bc5 Kh7 38. Kf3 Kg6 39. Bf8 Bf6 40. Bc5 Kf5 41. Be3 Ke6 42. Bd2 Kf5 43. Be3 Bg5 44. Bc5 g6 45. Bf8 h5 46. Bd6 Bf6 47. Bc7 Bd4 48. Bb8 Bc5 49. Bc7 g5 50. Ba5 g4+ 51. Kg2 Ke4 52. Bd2 Bd6 53. Bg5 Be5 54. Bh6 f6 55. Be3 f5 56. Bd2 f4 57. gxf4 Bxf4 58. Bb4 h4 59. Be7 h3+ 60. Kg1 Kf3 61. Bc5 Bg5 62. Bd4 Bh4 63. Bc5 Bf6 64. Be3 Bc3 65. Bc5 Bf6 66. Bb6 Be5 67. Bc5 Bc3 68. Bb6 Be1 69. Bc5 1-0

[Event "Titled Tuesday intern op 11th Oct Early"]
[Site "Chess.com INT"]
[Date "2022.10.11"]
[Round "6"]
[White "Zou, Chen"]
[Black "Nozdrachev, Leonid"]
[Result "1-0"]
[WhiteElo "2425"]
[BlackElo "2349"]
[PlyCount "53"]
[EventDate "2022.10.11"]
[EventType "swiss (blitz)"]
[EventRounds "11"]
[EventCountry "USA"]
[SourceTitle "EXT 2024"]
[Source "ChessBase"]
[SourceDate "2023.10.10"]
[SourceVersion "1"]
[SourceVersionDate "2023.10.10"]
[SourceQuality "1"]

1. e4 c6 2. d4 d5 3. e5 Bf5 4. Nf3 e6 5. Be2 Ne7 6. 0-0 c5 7. c4 Nbc6 8. dxc5 dxc4 9. Na3 Nd5 10. Nxc4 Bxc5 11. Bg5 Qc7 12. Rc1 0-0 13. Qb3 Rab8 14. Rfd1 h6 15. Bh4 Rfc8 16. Nd6 Bxd6 17. exd6 Qxd6 18. Bg3 Qb4 19. Qxb4 Ncxb4 20. Bxb8 Rxb8 21. a3 Nc6 22. Nd4 Nxd4 23. Rxd4 b5 24. Bf3 Nf6 25. Rcd1 Kh7 26. Rd8 Rb6 27. R1d6 1-0

[Event "Titled Tuesday intern op 04th Oct Late"]
[Site "Chess.com INT"]
[Date "2022.10.04"]
[Round "5"]
[White "Nozdrachev, Leonid"]
[Black "Hambleton, Aman"]
[Result "0-1"]
[WhiteElo "2349"]
[BlackElo "2437"]
[PlyCount "104"]
[EventDate "2022.10.04"]
[EventType "swiss (blitz)"]
[EventRounds "11"]
[EventCountry "USA"]
[SourceTitle "EXT 2023"]
[Source "ChessBase"]
[SourceDate "2022.10.05"]
[SourceVersion "1"]
[SourceVersionDate "2022.10.05"]
[SourceQuality "1"]

1. e4 c5 2. Nf3 e6 3. g3 Nc6 4. Bg2 Nf6 5. Qe2 d6 6. 0-0 Be7 7. c3 e5 8. Rd1 0-0 9. d4 Qc7 10. Na3 exd4 11. cxd4 Bg4 12. dxc5 dxc5 13. Bf4 Qc8 14. Nb5 a6 15. Nd6 Bxd6 16. Bxd6 Re8 17. Bxc5 Nxe4 18. Be3 Ng5 19. h3 Nxh3+ 20. Bxh3 Bxh3 21. Ng5 Bg4 22. Qc4 Ne5 23. Qxc8 Raxc8 24. Rdc1 h6 25. f4 Nc4 26. Bd4 hxg5 27. b3 Nd6 28. Be5 Nf5 29. Kf2 Rxc1 30. Rxc1 f6 31. Bc7 Re2+ 32. Kg1 Bf3 33. fxg5 Rg2+ 34. Kh1 Rc2+ 35. Kg1 Rxc1+ 36. Kf2 Rxc7 37. g4 Bxg4 38. gxf6 gxf6 39. Ke1 b5 40. Kd2 Kf7 41. Kd3 Ke6 42. Ke4 Bh5 43. b4 Be8 44. a4 Rc4+ 45. Kd3 Nd6 46. axb5 axb5 47. Ke3 Ke5 48. Kf3 f5 49. Ke2 Rxb4 50. Kd3 Rc4 51. Kd2 Kd5 52. Kd3 b4 0-1

[Event "Titled Tuesday intern op 04th Oct Late"]
[Site "Chess.com INT"]
[Date "2022.10.04"]
[Round "2"]
[White "Nozdrachev, Leonid"]
[Black "Ovezdurdiyeva, Jemal"]
[Result "1-0"]
[WhiteElo "2349"]
[BlackElo "2061"]
[PlyCount "83"]
[EventDate "2022.10.04"]
[EventType "swiss (blitz)"]
[EventRounds "11"]
[EventCountry "USA"]
[SourceTitle "EXT 2023"]
[Source "ChessBase"]
[SourceDate "2022.10.05"]
[SourceVersion "1"]
[SourceVersionDate "2022.10.05"]
[SourceQuality "1"]

1. e4 d6 2. Nf3 Nf6 3. Nc3 g6 4. Be2 Bg7 5. 0-0 0-0 6. Re1 c6 7. h3 b5 8. Bf1 b4 9. Na4 Qa5 10. b3 e5 11. Bb2 Bd7 12. d4 exd4 13. Nxd4 c5 14. Nf3 Bxa4 15. bxa4 Qxa4 16. Qxd6 Nbd7 17. e5 Nh5 18. Bc4 Qxc2 19. Rac1 Qxb2 20. Qxd7 Nf4 21. Qd6 Qa3 22. Bb3 Rad8 23. Qxc5 Nd3 24. Qc4 Nxe1 25. Rxe1 Qa5 26. e6 fxe6 27. Qxe6+ Kh8 28. Ne5 Bxe5 29. Rxe5 Qb6 30. Qxb6 axb6 31. Re2 Rc8 32. Kh2 Kg7 33. f3 Rf4 34. Re6 Rb8 35. Kg3 Rd4 36. Re7+ Kh6 37. h4 Rd6 38. Kh3 Rd3 39. Bc4 Rc3 40. Bd5 Rd8 41. Be4 Rd1 42. g4 1-0

[Event "Titled Tuesday intern op 04th Oct Late"]
[Site "Chess.com INT"]
[Date "2022.10.04"]
[Round "4"]
[White "Rozman, Levy"]
[Black "Nozdrachev, Leonid"]
[Result "0-1"]
[WhiteElo "2322"]
[BlackElo "2349"]
[PlyCount "106"]
[EventDate "2022.10.04"]
[EventType "swiss (blitz)"]
[EventRounds "11"]
[EventCountry "USA"]
[SourceTitle "EXT 2023"]
[Source "ChessBase"]
[SourceDate "2022.10.05"]
[SourceVersion "1"]
[SourceVersionDate "2022.10.05"]
[SourceQuality "1"]

1. e4 c6 2. d4 d5 3. e5 Bf5 4. h4 h5 5. Bg5 Qb6 6. Bd3 Qxd4 7. Nf3 Qg4 8. Bxf5 Qxf5 9. c4 Qe4+ 10. Be3 e6 11. Qb3 Qxc4 12. Qxb7 Qb4+ 13. Qxb4 Bxb4+ 14. Ke2 Ne7 15. a3 Ba5 16. Rc1 Bb6 17. Nc3 Nf5 18. Na4 Nxe3 19. fxe3 f6 20. Nc5 fxe5 21. Nxe5 Bxc5 22. Rxc5 Nd7 23. Rxc6 Nxe5 24. Rxe6+ Kd7 25. Rxe5 Kd6 26. Rg5 Rae8 27. Rd1 Re5 28. Rxg7 Rhe8 29. Rd3 R8e7 30. Rxe7 Rxe7 31. Kf3 a5 32. b3 Rf7+ 33. Kg3 Rg7+ 34. Kh3 Ke5 35. Rd4 Rb7 36. b4 axb4 37. Rxb4 Rc7 38. Rb3 Rc1 39. Kg3 Ke4 40. Kh2 Re1 41. a4 Ra1 42. Kh3 Rh1+ 43. Kg3 Ra1 44. Kf2 Ra2+ 45. Kg3 Rxa4 46. Rc3 Ra2 47. Rb3 Re2 48. Rb8 Rxe3+ 49. Kf2 d4 50. Re8+ Kd3 51. Rxe3+ dxe3+ 52. Ke1 e2 53. g3 Ke3 0-1

[Event "Titled Tuesday intern op 27th Sep Late"]
[Site "Chess.com INT"]
[Date "2022.09.27"]
[Round "7"]
[White "Namitbir, Singh Walia"]
[Black "Nozdrachev, Leonid"]
[Result "1-0"]
[WhiteElo "2339"]
[BlackElo "2369"]
[PlyCount "81"]
[EventDate "2022.09.27"]
[EventType "swiss (blitz)"]
[EventRounds "11"]
[EventCountry "USA"]
[SourceTitle "CBM 210 Extra"]
[Source "ChessBase"]
[SourceDate "2022.11.30"]
[SourceVersion "1"]
[SourceVersionDate "2022.11.30"]
[SourceQuality "1"]

1. d4 e5 2. dxe5 Nc6 3. Nf3 Qe7 4. Nc3 Nxe5 5. Nxe5 Qxe5 6. Qd5 Qe6 7. Bf4 d6 8. 0-0-0 Nf6 9. Qxe6+ Bxe6 10. Nb5 Kd7 11. Nd4 g6 12. Nxe6 fxe6 13. f3 h5 14. e4 Bh6 15. Bxh6 Rxh6 16. e5 Nd5 17. exd6 cxd6 18. Bb5+ Kc7 19. Rhe1 g5 20. Bc4 g4 21. Bxd5 exd5 22. Rxd5 gxf3 23. gxf3 Rf8 24. Re7+ Kc6 25. Rd3 Rg6 26. Rc3+ Kd5 27. b3 Rg2 28. h4 b5 29. Rxa7 b4 30. Rd3+ Ke6 31. Ra4 Rc8 32. Rd2 Rxd2 33. Kxd2 Rc3 34. Rxb4 Rxf3 35. a4 Kd5 36. Rb5+ Kc6 37. Rxh5 d5 38. b4 Rh3 39. Rh6+ Kd7 40. a5 d4 41. a6 1-0